| 000 | 02122nem0a2200397 4500 | ||
|---|---|---|---|
| 001 | RU\NLR\cart\7228 | ||
| 005 | 20250617204814.0 | ||
| 010 | _a978-5-93761-165-9 | ||
| 035 | _a(NLR Aleph) 004277333 | ||
| 090 |
_a2328745 _c2328745 |
||
| 100 | _a20120322d2010 |||y0rusy50 ca | ||
| 101 | 0 | _arus | |
| 102 | _aRU | ||
| 120 | _abya xx|| | ||
| 123 | 1 |
_aa _b700 000 |
|
| 200 | 1 |
_aАтлас геологических и эколого-геологических карт Российского сектора Балтийского моря _bКарты _fАвт.: А.В. Амантов [и др.] _gГл. ред. О.В. Петров |
|
| 206 | _a1:700 000, 7 км в 1 см | ||
| 210 |
_aСанкт-Петербург _cВСЕГЕИ _d2010 |
||
| 215 |
_a1 атл. (77 с.) _cцв., текст, табл., профили, разрезы, соногр., ил. _d30х44 см |
||
| 300 | _aВ надзаг.: Мин-во природ. ресурсов и экологии РФ, Федер. агентство по недропользованию, Департамент по недропользованию по Сев.-Зап. федерал. окр., ФГУП "ВСЕГЕИ" | ||
| 300 | _aЗагл., вых. данные, огл. парал. рус., англ. | ||
| 320 | _aБиблиогр.: c. 74 | ||
| 464 | 0 | _150900$aБалтийское море$cюго-вост.$3RU\NLR\auth_crt\551775 | |
| 509 | 0 | 1 |
_7ca _aФинский залив, восточная часть _92634943 _3RU\NLR\auth_crt\551774 |
| 606 | 0 |
_aЭкологические _92177818 _3RU\NLR\auth_crt\6648 |
|
| 606 | 0 |
_aГеологические общие (комплексные) _92177765 _3RU\NLR\auth_crt\6624 |
|
| 606 | 0 |
_aИзученность территорий _xГеологическая _92178041 _3RU\NLR\auth_crt\66151 |
|
| 606 | 0 |
_aПортреты _92178158 _3RU\NLR\auth_crt\66198 |
|
| 620 | _aРоссия | ||
| 702 | 1 |
_aАмантов _bА. В. _4070 |
|
| 702 | 1 |
_aПетров _bО. В. _4070 |
|
| 801 | 0 |
_aRU _bNLR _c20120322 _gPSBO |
|
| 852 |
_aNLR _bК _j4-Балт 7/840 _m86130 |
||
| 942 | _cMAP | ||
| 980 | _aNB | ||